Visualizzazione normale
Vista MARC
- Fripp Robert
di Personal Name
Records bibliografici associati: 1
001 - CONTROL NUMBER
- control field: 2796
003 - CONTROL NUMBER IDENTIFIER
- control field: IT-RoPau
005 - DATE AND TIME OF LATEST TRANSACTION
- control field: 20131121162456.0
008 - FIXED-LENGTH DATA ELEMENTS
- fixed length control field: 131121|| aca||aabn | a|a d
040 ## - CATALOGING SOURCE
- Original cataloging agency: IT-RoPau
- Transcribing agency: IT-RoPau
100 ## - HEADING--PERSONAL NAME
- Personal name: Fripp Robert
- Relator term: Autore testo/musica
- Miscellaneous information: Codice autore testo/musica SPICS: 10009
- Name of part/section of a work: 21St Century Schizoid Man: Mirrors - Epitaph Including March For No Reason and Tomorrow - Moonchild Including the Dream and the Illusion
670 ## - SOURCE DATA FOUND
- Source citation: Work cat.: (IT-RoPau)102080: AA.VV. 794, In the Court of the Crimson King An Observation By King Crimson (Ilps 19111)